000 00459nam a22001937a 4500
999 _c11173
_d11173
003 OSt
008 220420b ||||| |||| 00| 0 eng d
020 _a9789353162597
082 _a339 DOM
100 _aDORNBUSH, Rudiger & Others
245 _aMacroeconomics
250 _a12th Rdition
260 _aCheenai
_bTMH
_c2018
300 _a652
650 _aMacroeconomics
700 _aFISHER, stanely
700 _aSTARTZ, Richard
942 _2ddc
_cBK
_05